Trial by fire : Volume 5 (Record no. 598)

000 -LEADER
fixed length control field 01144nam a22003617a 4500
001 - CONTROL NUMBER
control field 4206778
003 - CONTROL NUMBER IDENTIFIER
control field OSt
005 - DATE AND TIME OF LATEST TRANSACTION
control field 20210421054121.0
008 - FIXED-LENGTH DATA ELEMENTS--GENERAL INFORMATION
fixed length control field 811014s1982 nyub 001 0 eng
010 ## - LIBRARY OF CONGRESS CONTROL NUMBER
LC control number 81018573
020 ## - INTERNATIONAL STANDARD BOOK NUMBER
International Standard Book Number 0070585717 :
040 ## - CATALOGING SOURCE
Original cataloging agency eng
Transcribing agency DLC
Modifying agency eng
041 ## - LANGUAGE CODE
Language code of text/sound track or separate title eng
043 ## - GEOGRAPHIC AREA CODE
Geographic area code n-us---
-- n-usu--
050 00 - LIBRARY OF CONGRESS CALL NUMBER
Classification number E468
Item number .S64 1982
080 ## - UNIVERSAL DECIMAL CLASSIFICATION NUMBER
Universal Decimal Classification number 94
Item number S-68
082 00 - DEWEY DECIMAL CLASSIFICATION NUMBER
Classification number 973.7
Edition number 19
100 1# - MAIN ENTRY--PERSONAL NAME
Personal name Smith, Page.
245 10 - TITLE STATEMENT
Title Trial by fire : Volume 5
Remainder of title a people's history of the Civil War and Reconstruction /
Statement of responsibility, etc. Page Smith.
260 ## - PUBLICATION, DISTRIBUTION, ETC.
Place of publication, distribution, etc. New York :
Name of publisher, distributor, etc. McGraw-Hill,
Date of publication, distribution, etc. c1982.
300 ## - PHYSICAL DESCRIPTION
Extent xvi, 1038 p. :
Other physical details maps ;
Dimensions 25 cm.
365 ## - TRADE PRICE
Price amount 29.95 usd
500 ## - GENERAL NOTE
General note "Volume five."
500 ## - GENERAL NOTE
General note Maps on lining papers.
500 ## - GENERAL NOTE
General note Includes index.
650 #0 - SUBJECT ADDED ENTRY--TOPICAL TERM
Topical term or geographic name entry element Reconstruction (U.S. history, 1865-1877)
650 #0 - SUBJECT ADDED ENTRY--TOPICAL TERM
Topical term or geographic name entry element History
9 (RLIN) 252
651 #0 - SUBJECT ADDED ENTRY--GEOGRAPHIC NAME
Geographic name United States
General subdivision History
Chronological subdivision Civil War, 1861-1865.
653 ## - INDEX TERM--UNCONTROLLED
Uncontrolled term ისტორია
653 ## - INDEX TERM--UNCONTROLLED
Uncontrolled term ამერიკის შეერთებული შტატების ისტორია
906 ## - LOCAL DATA ELEMENT F, LDF (RLIN)
a 7
b cbc
c orignew
d 1
e ocip
f 19
g y-gencatlg
942 ## - ADDED ENTRY ELEMENTS (KOHA)
Source of classification or shelving scheme
Koha item type Books
Holdings
Withdrawn status Lost status Source of classification or shelving scheme Damaged status Not for loan Permanent location Current location Date acquired Inventory number Total Checkouts Full call number Barcode Date last seen Price effective from Koha item type
          Ken Walker International University Ken Walker International University 12/14/2020 751   94 S-68 751 12/14/2020 12/14/2020 Books

Powered by Koha